| 000 | 00630nac a22001691u 4500 | ||
|---|---|---|---|
| 020 | _a8172247397 | ||
| 082 |
_a658.4093 _bM1741 |
||
| 090 |
_c1135 _d1135 |
||
| 100 | _aMcrae, Bradley C. | ||
| 245 |
_aPractical Time Management / _cBradley C. Mcrae,. |
||
| 260 |
_aMumbai : _bJaico Publishing House, _c2005. |
||
| 300 |
_a125 p. : _c24 cm. |
||
| 504 | _aIncludes bibliographical references. | ||
| 650 |
_aExecutives _xTime management. |
||
| 942 |
_cBB _k658.4093M1741 |
||
| 999 |
_c1135 _d1135 |
||